| Tag |
First Indicator |
Second Indicator |
Subfields |
| LEADER |
00000pam a2200000 a 4500 |
| 001 |
in00000070413 |
| 005 |
20151008061734.0 |
| 008 |
810217s1981 maua b 10000 eng |
| 010 |
|
|
|a 81001431
|
| 020 |
|
|
|a 0898380677
|
| 035 |
|
|
|a (OCoLC)07283978
|
| 035 |
|
|
|9 AAJ8714AM
|
| 039 |
0 |
|
|a 2
|b 3
|c 3
|d 3
|e 3
|
| 040 |
|
|
|a DLC
|c DLC
|d TXA
|d UtOrBLW
|
| 049 |
|
|
|a TXAM
|c [985461]
|
| 050 |
0 |
0 |
|a HB133
|b .E33
|
| 082 |
0 |
|
|a 001.53/9/024339
|2 19
|
| 245 |
0 |
0 |
|a Economics of information /
|c Malcolm Galatin, Robert D. Leiter, editors.
|
| 264 |
|
1 |
|a Boston :
|b M. Nijhoff Pub.,
|c [1981]
|
| 264 |
|
4 |
|c ©1981
|
| 300 |
|
|
|a 257 pages :
|b illustrations ;
|c 24 cm.
|
| 336 |
|
|
|a text
|b txt
|2 rdacontent
|
| 337 |
|
|
|a unmediated
|b n
|2 rdamedia
|
| 338 |
|
|
|a volume
|b nc
|2 rdacarrier
|
| 490 |
1 |
|
|a Social dimensions of economics
|
| 504 |
|
|
|a Includes bibliographical references.
|
| 650 |
|
0 |
|a Information theory in economics
|x Congresses.
|
| 700 |
1 |
|
|a Galatin, Malcolm.
|
| 700 |
1 |
|
|a Leiter, Robert D.
|q (Robert David),
|d 1922-1976.
|
| 830 |
|
0 |
|a Social dimensions of economics.
|
| 999 |
|
|
|a MARS
|
| 999 |
f |
f |
|s dda3debb-b9df-3aae-977f-ecc8dd6b80e0
|i 9950fa7e-8e6c-3750-8a60-4da9bd27f9a8
|t 0
|
| 952 |
f |
f |
|p ric
|a Texas A&M University
|b Rellis Campus
|c Joint Library Facility
|d Remote Storage
|t 0
|e HB133 .E33
|h Library of Congress classification
|i unmediated -- volume
|m A14806119139
|
| 998 |
f |
f |
|a HB133 .E33
|t 0
|l Remote Storage
|